000 00706nam a2200241Ia 4500
005 20250425160717.0
008 250425s9999 xx 000 0 und d
041 _aspa
043 _acl
082 _a658.404
100 _aCENTRO INTERUNIVERSITARIO DE DESARROLLO, CINDA
245 0 _aCONCEPTOS GENERALES DE GESTION TECNOLOGICA
250 _a1A ED.
260 _aChile
_bCENTRO INTERUNIVERSITARIO DE DESARROLLO CINDA
_c1990
260 _aSANTIAGO DE CHILE
300 _a390
500 _aCOLECCION CIENCIA Y TECNOLOGIA No. 26
650 _aADMINISTRACION DE PROYECTOS
650 _aGESTION TECNOLOGICA
710 _aCENTRO INTERUNIVESITARIO DE DESARROLLO
942 _c01
010 _a3132
999 _c194583
_d194583